<?xml version="1.0" encoding="UTF-8"?>
<record
    xmlns:xsi="http://www.w3.org/2001/XMLSchema-instance"
    xsi:schemaLocation="http://www.loc.gov/MARC21/slim http://www.loc.gov/standards/marcxml/schema/MARC21slim.xsd"
    xmlns="http://www.loc.gov/MARC21/slim">

  <leader>00982nam a22002537a 4500</leader>
  <controlfield tag="001">1348</controlfield>
  <controlfield tag="005">20230818132714.0</controlfield>
  <controlfield tag="008">230818b        cb ||||| |||| 00| 0 khr d</controlfield>
  <datafield tag="020" ind1=" " ind2=" ">
    <subfield code="a">9789996393150</subfield>
  </datafield>
  <datafield tag="040" ind1=" " ind2=" ">
    <subfield code="a">FISKH</subfield>
    <subfield code="b">eng</subfield>
    <subfield code="c">FISKH</subfield>
    <subfield code="d">FISKH</subfield>
  </datafield>
  <datafield tag="082" ind1=" " ind2=" ">
    <subfield code="a">613.7046</subfield>
  </datafield>
  <datafield tag="100" ind1=" " ind2=" ">
    <subfield code="a">Nidamony, Thoung </subfield>
  </datafield>
  <datafield tag="245" ind1=" " ind2=" ">
    <subfield code="a">&#x17E2;&#x17E0;&#x17E0; &#x179F;&#x17C6;&#x178E;&#x17BE;&#x1785; &#x17E2;&#x17E0;&#x17E0; &#x179F;&#x17C6;&#x178E;&#x17BD;&#x179A; &#x178A;&#x17BE;&#x1798;&#x17D2;&#x1794;&#x17B8;&#x179F;&#x17BB;&#x1781;&#x1797;&#x17B6;&#x1796;&#x200B; /</subfield>
    <subfield code="c">&#x179A;&#x17C0;&#x1794;&#x179A;&#x17C0;&#x1784;&#x178A;&#x17C4;&#x1799; &#x179C;&#x17C1;&#x1787;&#x17D2;&#x1787;&#x1794;&#x178E;&#x17D2;&#x178C;&#x17B7;&#x178F; &#x1790;&#x17C4;&#x1784;&#x200B;&#x1793;&#x17B8;&#x178A;&#x17B6;&#x1798;&#x17BB;&#x1793;&#x17B8;&#x200B; </subfield>
  </datafield>
  <datafield tag="260" ind1=" " ind2=" ">
    <subfield code="a">Phnom Penh: </subfield>
    <subfield code="b">Life Growth, </subfield>
    <subfield code="c">2014.</subfield>
  </datafield>
  <datafield tag="300" ind1=" " ind2=" ">
    <subfield code="a">383 pages : </subfield>
    <subfield code="c">20 cm </subfield>
  </datafield>
  <datafield tag="505" ind1=" " ind2=" ">
    <subfield code="a">Z' </subfield>
  </datafield>
  <datafield tag="520" ind1=" " ind2=" ">
    <subfield code="a">&#x17E2;&#x17E0;&#x17E0; &#x179F;&#x17C6;&#x178E;&#x17BD;&#x179A; &#x1793;&#x17B9;&#x1784;&#x179B;&#x17BE;&#x1780;&#x1798;&#x1780;&#x1785;&#x17C4;&#x1791;&#x179F;&#x17BD;&#x179A;&#x1791;&#x17B6;&#x1780;&#x17CB;&#x1791;&#x1784;&#x1791;&#x17C5;&#x1793;&#x17B9;&#x1784;&#x1794;&#x1789;&#x17D2;&#x17A0;&#x17B6;&#x179F;&#x17BB;&#x1781;&#x1797;&#x17B6;&#x1796;&#x17D4;</subfield>
  </datafield>
  <datafield tag="520" ind1=" " ind2=" ">
    <subfield code="a">200 questions to ask about health issues. </subfield>
  </datafield>
  <datafield tag="521" ind1=" " ind2=" ">
    <subfield code="a">1000   
</subfield>
    <subfield code="b">Lexile estimate
</subfield>
  </datafield>
  <datafield tag="521" ind1=" " ind2=" ">
    <subfield code="a">Z'
</subfield>
    <subfield code="b">Raz-Plus 
</subfield>
  </datafield>
  <datafield tag="650" ind1=" " ind2=" ">
    <subfield code="a">Health</subfield>
  </datafield>
  <datafield tag="650" ind1=" " ind2=" ">
    <subfield code="a">&#x179F;&#x17BB;&#x1781;&#x1797;&#x17B6;&#x1796; </subfield>
  </datafield>
  <datafield tag="942" ind1=" " ind2=" ">
    <subfield code="2">ddc</subfield>
    <subfield code="c">BK</subfield>
    <subfield code="n">0</subfield>
  </datafield>
  <datafield tag="999" ind1=" " ind2=" ">
    <subfield code="c">1348</subfield>
    <subfield code="d">1348</subfield>
  </datafield>
  <datafield tag="952" ind1=" " ind2=" ">
    <subfield code="0">0</subfield>
    <subfield code="1">0</subfield>
    <subfield code="2">ddc</subfield>
    <subfield code="4">0</subfield>
    <subfield code="7">0</subfield>
    <subfield code="8">KH</subfield>
    <subfield code="a">001</subfield>
    <subfield code="b">001</subfield>
    <subfield code="c">KHRS</subfield>
    <subfield code="d">2023-08-18</subfield>
    <subfield code="l">1</subfield>
    <subfield code="o">NID 613.7046</subfield>
    <subfield code="p">2023-0295</subfield>
    <subfield code="r">2023-09-06 11:56:40</subfield>
    <subfield code="s">2023-08-18</subfield>
    <subfield code="w">2023-08-18</subfield>
    <subfield code="y">BK</subfield>
  </datafield>
</record>
